| Tag |
First Indicator |
Second Indicator |
Subfields |
| LEADER |
00000cas a2200000 a 4500 |
| 001 |
in00000307197 |
| 005 |
20151010143634.0 |
| 008 |
970903c19989999nyumr p 0 a0eng c |
| 010 |
|
|
|a 98641504
|z sn 97004524
|
| 016 |
7 |
|
|a 9806096
|2 DNLM
|
| 016 |
7 |
|
|a SR0092639
|2 DNLM
|
| 016 |
7 |
|
|a 013329168
|2 Uk
|
| 022 |
0 |
|
|a 1095-6433
|l 1095-6433
|2 j
|
| 029 |
1 |
|
|a NLM
|b 9806096
|
| 029 |
1 |
|
|a NLGGC
|b 165724838
|
| 029 |
1 |
|
|a NZ1
|b 3622246
|
| 029 |
1 |
|
|a AU@
|b 000022041360
|
| 029 |
1 |
|
|a AU@
|b 000013496017
|
| 030 |
|
|
|a CBPAB5
|
| 035 |
|
|
|a (OCoLC)ocm37564269
|
| 035 |
|
|
|a (OCoLC)37564269
|
| 037 |
|
|
|b Elsevier Science, 245 West 17th St., New York, NY 10011
|
| 040 |
|
|
|a NSD
|b eng
|c NSD
|d WAU
|d DLC
|d NSD
|d AGL
|d NLM
|d AGL
|d CAS
|d HUL
|d IUL
|d CUS
|d SYS
|d OCL
|d OCLCQ
|d GUA
|d OCLCQ
|d NLGGC
|d EEM
|d OCLCQ
|d WAU
|d DLC
|d UKMGB
|d OCLCQ
|d OCLCF
|d UtOrBLW
|
| 042 |
|
|
|a pcc
|a nsdp
|
| 049 |
|
|
|a TXAM
|
| 050 |
0 |
0 |
|a QP33
|b .C66
|
| 060 |
0 |
0 |
|a W1
|b CO435A
|
| 070 |
0 |
|
|a QP1.C6
|
| 072 |
|
0 |
|a X300
|
| 072 |
|
0 |
|a L600
|
| 082 |
0 |
0 |
|a 591.1/05
|2 19
|
| 090 |
|
|
|a QP1
|b .C681
|
| 210 |
0 |
|
|a Comp. biochem. physiol., Part A Mol. integr. physiol.
|
| 222 |
|
0 |
|a Comparative biochemistry and physiology. Part A, Molecular & integrative physiology
|
| 245 |
0 |
0 |
|a Comparative biochemistry and physiology.
|n Part A,
|p Molecular & integrative physiology.
|
| 246 |
3 |
|
|a Molecular and integrative physiology
|
| 246 |
3 |
0 |
|a Molecular & integrative physiology
|
| 246 |
1 |
4 |
|a CBP.
|n Part A,
|p Molecular & integrative physiology
|
| 264 |
|
1 |
|a New York :
|b Elsevier Science,
|c [1998-]
|
| 264 |
|
4 |
|c ©1998-
|
| 300 |
|
|
|a volumes :
|b illustrations (some color) ;
|c 28 cm.
|
| 310 |
|
|
|a Monthly
|
| 336 |
|
|
|a text
|b txt
|2 rdacontent
|
| 337 |
|
|
|a unmediated
|b n
|2 rdamedia
|
| 338 |
|
|
|a volume
|b nc
|2 rdacarrier
|
| 362 |
0 |
|
|a Vol. 119A, no. 1 (Jan. 1998)-
|
| 500 |
|
|
|a Cover of issue for Feb. 1998 carries part title: Physiology.
|
| 500 |
|
|
|a The latest table of contents is available via email via registration with the ContentsDirect service.
|
| 510 |
0 |
|
|a Chemical abstracts
|x 0009-2258
|
| 515 |
|
|
|a Four issues constitute a volume.
|
| 588 |
|
|
|a Latest issue consulted: Vol. 119A, no. 4 (Apr. 1998).
|
| 650 |
|
0 |
|a Physiology, Comparative
|v Periodicals.
|
| 650 |
|
0 |
|a Biochemistry
|v Periodicals.
|
| 650 |
0 |
2 |
|a Physiology
|v Periodicals.
|
| 650 |
0 |
2 |
|a Physiology, Comparative
|v Periodicals.
|
| 650 |
1 |
7 |
|a Vergelijkende fysiologie.
|2 gtt
|
| 650 |
1 |
7 |
|a Biochemie.
|2 gtt
|
| 650 |
|
7 |
|a Biochemistry.
|2 fast
|0 (OCoLC)fst00831961
|
| 650 |
|
7 |
|a Physiology, Comparative.
|2 fast
|0 (OCoLC)fst01063206
|
| 655 |
|
7 |
|a Periodicals.
|2 fast
|0 (OCoLC)fst01411641
|
| 776 |
0 |
8 |
|i Online version:
|t Comparative biochemistry and physiology. Part A, Molecular & integrative physiology (Online)
|x 1531-4332
|w (DLC) 00212727
|w (OCoLC)41929819
|
| 780 |
0 |
0 |
|t Comparative biochemistry and physiology. Part A, Physiology
|x 1096-4940
|w (DLC) 97641480
|w (OCoLC)31926131
|
| 850 |
|
|
|a DLC
|a DNAL
|a DNLM
|a InU
|a WaU
|
| 891 |
2 |
0 |
|9 853
|8 1
|a v.
|b no.
|u 4
|v r
|i (year)
|j (month)
|w m
|
| 891 |
4 |
1 |
|9 863
|8 1.1
|a 119
|b 1
|i 1998
|j 01
|
| 949 |
|
|
|a updated
|b h
|c 2014/10/22
|e spoltoratski
|f 9:54:32 am
|g m
|
| 994 |
|
|
|a C0
|b TXA
|
| 999 |
|
|
|a MARS
|
| 999 |
f |
f |
|s 7fd96e72-6e8d-39c5-9ea7-a11b8f5b2b25
|i eef341d0-9bf6-3687-8efb-97ecee6189d2
|t 0
|
| 952 |
f |
f |
|p storage
|a Texas A&M University
|b J.J. Pickle Campus
|c High Density Repository
|d Remote Storage
|t 0
|e QP1 .C681
|h Library of Congress classification
|i unmediated -- volume
|k v.121:no.1-2
|l 1998:Sept.-Oct.
|m A14823902870
|
| 952 |
f |
f |
|p storage
|a Texas A&M University
|b J.J. Pickle Campus
|c High Density Repository
|d Remote Storage
|t 0
|e QP1 .C681
|h Library of Congress classification
|i unmediated -- volume
|k v.134A:no.1
|l 2003:Jan.
|m A14832159183
|
| 952 |
f |
f |
|p storage
|a Texas A&M University
|b J.J. Pickle Campus
|c High Density Repository
|d Remote Storage
|t 0
|e QP1 .C681
|h Library of Congress classification
|i unmediated -- volume
|k v.131A:no.3-4
|l 2002:Mar.-Apr.
|m A14829906181
|
| 952 |
f |
f |
|p storage
|a Texas A&M University
|b J.J. Pickle Campus
|c High Density Repository
|d Remote Storage
|t 0
|e QP1 .C681
|h Library of Congress classification
|i unmediated -- volume
|k v.126A:no.1-2
|l 2000:May-June
|m A14827892297
|
| 952 |
f |
f |
|p storage
|a Texas A&M University
|b J.J. Pickle Campus
|c High Density Repository
|d Remote Storage
|t 0
|e QP1 .C681
|h Library of Congress classification
|i unmediated -- volume
|k v.129A:no.2/3
|l 2001:June
|m A14828171149
|
| 952 |
f |
f |
|p storage
|a Texas A&M University
|b J.J. Pickle Campus
|c High Density Repository
|d Remote Storage
|t 0
|e QP1 .C681
|h Library of Congress classification
|i unmediated -- volume
|k v.125:no.1-2
|l 2000:Jan-Feb
|m A14826799585
|
| 952 |
f |
f |
|p storage
|a Texas A&M University
|b J.J. Pickle Campus
|c High Density Repository
|d Remote Storage
|t 0
|e QP1 .C681
|h Library of Congress classification
|i unmediated -- volume
|k v.133A:no.1-2
|l 2002:Sept.-Oct.
|m A14829906343
|
| 952 |
f |
f |
|p storage
|a Texas A&M University
|b J.J. Pickle Campus
|c High Density Repository
|d Remote Storage
|t 0
|e QP1 .C681
|h Library of Congress classification
|i unmediated -- volume
|k v.129A:no.4
|l 2001:July
|m A14828171343
|
| 952 |
f |
f |
|p storage
|a Texas A&M University
|b J.J. Pickle Campus
|c High Density Repository
|d Remote Storage
|t 0
|e QP1 .C681
|h Library of Congress classification
|i unmediated -- volume
|k v.132A:Suppl.1
|l 2002
|m A14829906301
|
| 952 |
f |
f |
|p storage
|a Texas A&M University
|b J.J. Pickle Campus
|c High Density Repository
|d Remote Storage
|t 0
|e QP1 .C681
|h Library of Congress classification
|i unmediated -- volume
|k v.124:no.3-4
|l 1999:Nov-Dec
|m A14826799593
|
| 952 |
f |
f |
|p storage
|a Texas A&M University
|b J.J. Pickle Campus
|c High Density Repository
|d Remote Storage
|t 0
|e QP1 .C681
|h Library of Congress classification
|i unmediated -- volume
|k v.126A:Suppl. 1
|l 2000:July
|m A14828171262
|
| 952 |
f |
f |
|p storage
|a Texas A&M University
|b J.J. Pickle Campus
|c High Density Repository
|d Remote Storage
|t 0
|e QP1 .C681
|h Library of Congress classification
|i unmediated -- volume
|k v.130A:no.3-4
|l 2001:Oct.-Nov.
|m A14828592159
|
| 952 |
f |
f |
|p storage
|a Texas A&M University
|b J.J. Pickle Campus
|c High Density Repository
|d Remote Storage
|t 0
|e QP1 .C681
|h Library of Congress classification
|i unmediated -- volume
|k v.127A:no.3-4
|l 2000:Nov.-Dec.
|m A14827893120
|
| 952 |
f |
f |
|p storage
|a Texas A&M University
|b J.J. Pickle Campus
|c High Density Repository
|d Remote Storage
|t 0
|e QP1 .C681
|h Library of Congress classification
|i unmediated -- volume
|k v.125:no.3-4
|l 2000:Mar-Apr
|m A14826799577
|
| 952 |
f |
f |
|p storage
|a Texas A&M University
|b J.J. Pickle Campus
|c High Density Repository
|d Remote Storage
|t 0
|e QP1 .C681
|h Library of Congress classification
|i unmediated -- volume
|k v.122:no.3-4
|l 1999:Mar.-Apr.
|m A14825281466
|
| 952 |
f |
f |
|p storage
|a Texas A&M University
|b J.J. Pickle Campus
|c High Density Repository
|d Remote Storage
|t 0
|e QP1 .C681
|h Library of Congress classification
|i unmediated -- volume
|k v.126A:no.3-4
|l 2000:July-Aug.
|m A14827892336
|
| 952 |
f |
f |
|p storage
|a Texas A&M University
|b J.J. Pickle Campus
|c High Density Repository
|d Remote Storage
|t 0
|e QP1 .C681
|h Library of Congress classification
|i unmediated -- volume
|k v.130A:no.1-2
|l 2001:Aug.-Sept.
|m A14828544554
|
| 952 |
f |
f |
|p storage
|a Texas A&M University
|b J.J. Pickle Campus
|c High Density Repository
|d Remote Storage
|t 0
|e QP1 .C681
|h Library of Congress classification
|i unmediated -- volume
|k v.119A:no.3-4
|l 1998:Mar.-Apr.
|m A14823763797
|
| 952 |
f |
f |
|p storage
|a Texas A&M University
|b J.J. Pickle Campus
|c High Density Repository
|d Remote Storage
|t 0
|e QP1 .C681
|h Library of Congress classification
|i unmediated -- volume
|k v.132A:no.3
|l 2002:July
|m A14833692566
|
| 952 |
f |
f |
|p storage
|a Texas A&M University
|b J.J. Pickle Campus
|c High Density Repository
|d Remote Storage
|t 0
|e QP1 .C681
|h Library of Congress classification
|i unmediated -- volume
|k v.120:no.1-2
|l 1998:May-June
|m A14823902927
|
| 952 |
f |
f |
|p storage
|a Texas A&M University
|b J.J. Pickle Campus
|c High Density Repository
|d Remote Storage
|t 0
|e QP1 .C681
|h Library of Congress classification
|i unmediated -- volume
|k v.128A:no.3-4
|l 2001:Mar.-Apr.
|m A14827892417
|
| 952 |
f |
f |
|p storage
|a Texas A&M University
|b J.J. Pickle Campus
|c High Density Repository
|d Remote Storage
|t 0
|e QP1 .C681
|h Library of Congress classification
|i unmediated -- volume
|k v.131A:no.1-2
|l 2001/2002:Dec.-Feb.
|m A14828591933
|
| 952 |
f |
f |
|p storage
|a Texas A&M University
|b J.J. Pickle Campus
|c High Density Repository
|d Remote Storage
|t 0
|e QP1 .C681
|h Library of Congress classification
|i unmediated -- volume
|k v.123A:no.2-4
|l 1999:Jun-Aug
|m A14825741995
|
| 952 |
f |
f |
|p storage
|a Texas A&M University
|b J.J. Pickle Campus
|c High Density Repository
|d Remote Storage
|t 0
|e QP1 .C681
|h Library of Congress classification
|i unmediated -- volume
|k v.122:no.1-2
|l 1999:Jan.-Feb.
|m A14825281513
|
| 952 |
f |
f |
|p storage
|a Texas A&M University
|b J.J. Pickle Campus
|c High Density Repository
|d Remote Storage
|t 0
|e QP1 .C681
|h Library of Congress classification
|i unmediated -- volume
|k v.133A:no.3
|l 2002:Nov.
|m A14829906385
|
| 952 |
f |
f |
|p storage
|a Texas A&M University
|b J.J. Pickle Campus
|c High Density Repository
|d Remote Storage
|t 0
|e QP1 .C681
|h Library of Congress classification
|i unmediated -- volume
|k v.127A:no.1-2
|l 2000:Sept.-Oct.
|m A14827893081
|
| 952 |
f |
f |
|p storage
|a Texas A&M University
|b J.J. Pickle Campus
|c High Density Repository
|d Remote Storage
|t 0
|e QP1 .C681
|h Library of Congress classification
|i unmediated -- volume
|k v.134A:no.4
|l 2003:Apr.
|m A14832159222
|
| 952 |
f |
f |
|p storage
|a Texas A&M University
|b J.J. Pickle Campus
|c High Density Repository
|d Remote Storage
|t 0
|e QP1 .C681
|h Library of Congress classification
|i unmediated -- volume
|k v.128A:no.1-2
|l 2001:Jan.-Feb.
|m A14827892378
|
| 952 |
f |
f |
|p storage
|a Texas A&M University
|b J.J. Pickle Campus
|c High Density Repository
|d Remote Storage
|t 0
|e QP1 .C681
|h Library of Congress classification
|i unmediated -- volume
|k v.129A:no.1
|l 2001:May
|m A14828171301
|
| 952 |
f |
f |
|p storage
|a Texas A&M University
|b J.J. Pickle Campus
|c High Density Repository
|d Remote Storage
|t 0
|e QP1 .C681
|h Library of Congress classification
|i unmediated -- volume
|k v.132A:no.1-2
|l 2002:May-June
|m A14829906220
|
| 952 |
f |
f |
|p storage
|a Texas A&M University
|b J.J. Pickle Campus
|c High Density Repository
|d Remote Storage
|t 0
|e QP1 .C681
|h Library of Congress classification
|i unmediated -- volume
|k v.121:no.3-4
|l 1998:Nov.-Dec.
|m A14823902888
|
| 952 |
f |
f |
|p storage
|a Texas A&M University
|b J.J. Pickle Campus
|c High Density Repository
|d Remote Storage
|t 0
|e QP1 .C681
|h Library of Congress classification
|i unmediated -- volume
|k v.134A:no.2
|l 2003:Feb.
|m A14832158674
|
| 952 |
f |
f |
|p storage
|a Texas A&M University
|b J.J. Pickle Campus
|c High Density Repository
|d Remote Storage
|t 0
|e QP1 .C681
|h Library of Congress classification
|i unmediated -- volume
|k v.132A:no.4
|l 2002:Aug.
|m A14829906262
|
| 952 |
f |
f |
|p storage
|a Texas A&M University
|b J.J. Pickle Campus
|c High Density Repository
|d Remote Storage
|t 0
|e QP1 .C681
|h Library of Congress classification
|i unmediated -- volume
|k v.133A:no.4
|l 2002:Dec.
|m A14829912996
|
| 952 |
f |
f |
|p storage
|a Texas A&M University
|b J.J. Pickle Campus
|c High Density Repository
|d Remote Storage
|t 0
|e QP1 .C681
|h Library of Congress classification
|i unmediated -- volume
|k v.134A:no.3
|l 2003:Mar.
|m A14832159264
|
| 952 |
f |
f |
|p storage
|a Texas A&M University
|b J.J. Pickle Campus
|c High Density Repository
|d Remote Storage
|t 0
|e QP1 .C681
|h Library of Congress classification
|i unmediated -- volume
|k v.120:no.3-4
|l 1998:July-Aug.
|m A14838477440
|
| 952 |
f |
f |
|p storage
|a Texas A&M University
|b J.J. Pickle Campus
|c High Density Repository
|d Remote Storage
|t 0
|e QP1 .C681
|h Library of Congress classification
|i unmediated -- volume
|k v.119A:no.1-2
|l 1998:Jan.-Feb.
|m A14823763747
|
| 952 |
f |
f |
|p storage
|a Texas A&M University
|b J.J. Pickle Campus
|c High Density Repository
|d Remote Storage
|t 0
|e QP1 .C681
|h Library of Congress classification
|i unmediated -- volume
|k v.124:no.1-2
|l 1999:Sept-Oct
|m A14826799608
|
| 998 |
f |
f |
|a QP1 .C681
|s v.124A-134A (1999-2003)
|t 0
|l Remote Storage
|